The 99 Percentile CAT: (Record no. 207565)

MARC details
000 -LEADER
fixed length control field 00789nam a22002057a 4500
005 - DATE AND TIME OF LATEST TRANSACTION
control field 20241211120842.0
010 ## - LCCN (DPL NO)
LC control number DEC24SC ENG-142957
020 ## - INTERNATIONAL STANDARD BOOK NUMBER
International Standard Book Number 9789358707212
Terms of availability 550.00
035 ## - SYSTEM CONTROL NUMBER
System control number EN-126489
082 ## - DEWEY DECIMAL CLASSIFICATION NUMBER
Classification number 000
Edition number 1
100 ## - MAIN ENTRY--PERSONAL NAME
Personal name Kochhar, Sandeep
245 ## - TITLE STATEMENT
Title The 99 Percentile CAT:
Remainder of title Verbal Ability & Reading Comprehension/
Statement of responsibility, etc by Sandeep Kochhar [and] Vishwapriya Kochhar
250 ## - EDITION STATEMENT
Edition statement 1
260 ## - PUBLICATION, DISTRIBUTION, ETC. (IMPRINT)
Place of publication, distribution, etc New Delhi
Name of publisher, distributor, etc S Chand and Company Limited
Date of publication, distribution, etc 2024
270 ## - ADDRESS
Address A-27, 2nd Floor, Mohan Co-operative Industrial Estate
City New Delhi
Postal code 110044
Electronic mail address info@schandpublishing.com
Telephone number 011-49731800
300 ## - PHYSICAL DESCRIPTION
Extent xiv,498p.
Dimensions 23cm(pb)
500 ## - GENERAL NOTE
General note Guide by IIM Alumni + 5 Free Mock Tests
700 ## - ADDED ENTRY--PERSONAL NAME
Personal name Kochhar, Vishwapriya
Relator term Author
9 (RLIN) 74958
942 ## - ADDED ENTRY ELEMENTS (KOHA)
Source of classification or shelving scheme Dewey Decimal Classification
Item type English Books
Classification part 000
Call number suffix KOC
Edition 1
Holdings
Withdrawn status Lost status Not for loan Collection code Home library Current library Date acquired Source of acquisition Cost, normal purchase price Full call number Barcode Copy number Cost, replacement price Koha item type
      Non-fiction Central Library Central Library 11/12/2024 Delivery of Books Division 550.00 000 KOC EN-126489 1 550.00 English Books

© Delhi Public Library
Hit Counter
free hit counter